| 000 -LEADER |
| fixed length control field |
nam a22 a 4500 |
| 003 - CONTROL NUMBER IDENTIFIER |
| control field |
AKMAL |
| 005 - DATE AND TIME OF LATEST TRANSACTION |
| control field |
20170508103708.0 |
| 008 - FIXED-LENGTH DATA ELEMENTS--GENERAL INFORMATION |
| fixed length control field |
170508s2000 my | e | 000 0 may d |
| 020 ## - INTERNATIONAL STANDARD BOOK NUMBER |
| International Standard Book Number |
9832284007 (kkt.) : |
| Terms of availability |
RM39.90 |
| 039 #9 - LEVEL OF BIBLIOGRAPHIC CONTROL AND CODING DETAIL [OBSOLETE] |
| Level of rules in bibliographic description |
200903260935 |
| Level of effort used to assign nonsubject heading access points |
azma |
| Level of effort used to assign subject headings |
200903251540 |
| Level of effort used to assign classification |
azril |
| Level of effort used to assign subject headings |
200812191831 |
| Level of effort used to assign classification |
khuraisah |
| Level of effort used to assign subject headings |
200607180926 |
| Level of effort used to assign classification |
amalina |
| 040 ## - CATALOGING SOURCE |
| Original cataloging agency |
AKMAL |
| Transcribing agency |
AKMAL |
| 041 1# - LANGUAGE CODE |
| Language code of text/sound track or separate title |
may |
| Language code of original |
ara |
| 049 ## - LOCAL HOLDINGS (OCLC) |
| Holding library |
mal |
| 082 04 - DEWEY DECIMAL CLASSIFICATION NUMBER |
| Classification number |
297.57 QAR |
| Edition number |
22 |
| 090 00 - LOCALLY ASSIGNED LC-TYPE CALL NUMBER (OCLC); LOCAL CALL NUMBER (RLIN) |
| Classification number (OCLC) (R) ; Classification number, CALL (RLIN) (NR) |
297.57 |
| Local cutter number (OCLC) ; Book number/undivided call number, CALL (RLIN) |
QAR |
| 090 20 - LOCALLY ASSIGNED LC-TYPE CALL NUMBER (OCLC); LOCAL CALL NUMBER (RLIN) |
| Classification number (OCLC) (R) ; Classification number, CALL (RLIN) (NR) |
297.57 |
| Local cutter number (OCLC) ; Book number/undivided call number, CALL (RLIN) |
QAR |
| 100 1# - MAIN ENTRY--PERSONAL NAME |
| Personal name |
Qaradawi, Yusuf, |
| Dates associated with a name |
1926- |
| 9 (RLIN) |
1753 |
| 245 10 - TITLE STATEMENT |
| Title |
Ciri-ciri unggul masyarakat Islam yang kita idamkan / |
| Statement of responsibility, etc. |
oleh Yusuf al-Qardhawi ; terjemahan Mohammad Zaini bin Yahaya |
| 246 1# - VARYING FORM OF TITLE |
| Linkage |
880-01 |
| Display text |
Terjemahan dari: |
| Title proper/short title |
Malamih a-mujtama' al-Muslim allazi nansyuduhu |
| 260 ## - PUBLICATION, DISTRIBUTION, ETC. |
| Place of publication, distribution, etc. |
Bandar Baru Bangi, Selangor : |
| Name of publisher, distributor, etc. |
Penerbitan Seribu Dinar, |
| Date of publication, distribution, etc. |
2000 |
| 300 ## - PHYSICAL DESCRIPTION |
| Extent |
x, 606ms. ; |
| Dimensions |
23cm. |
| 500 ## - GENERAL NOTE |
| General note |
Mengandungi ayat-ayat dari Quran |
| 504 ## - BIBLIOGRAPHY, ETC. NOTE |
| Bibliography, etc. note |
Mengandungi rujukan bibliografi |
| 650 10 - SUBJECT ADDED ENTRY--TOPICAL TERM |
| Topical term or geographic name entry element |
Civil society |
| General subdivision |
Religious aspects |
| -- |
Islam |
| 9 (RLIN) |
2105 |
| 650 20 - SUBJECT ADDED ENTRY--TOPICAL TERM |
| Topical term or geographic name entry element |
Islamic civilization |
| 9 (RLIN) |
1544 |
| 650 20 - SUBJECT ADDED ENTRY--TOPICAL TERM |
| Topical term or geographic name entry element |
Religious life |
| General subdivision |
Islam |
| 9 (RLIN) |
819 |
| 650 20 - SUBJECT ADDED ENTRY--TOPICAL TERM |
| Topical term or geographic name entry element |
Islam |
| Chronological subdivision |
20th century |
| 9 (RLIN) |
1553 |
| 700 0# - ADDED ENTRY--PERSONAL NAME |
| Personal name |
Mohammad Zaini Yahaya |
| 9 (RLIN) |
2106 |
| 880 1# - ALTERNATE GRAPHIC REPRESENTATION |
| Linkage |
246-01 |
| a |
ملامح المجتمع المسلم الذى ننشده |
| 942 ## - ADDED ENTRY ELEMENTS (KOHA) |
| Source of classification or shelving scheme |
|
| Koha item type |
Book |